Encyclopedia of Theology : (Record no. 8341)

MARC details
000 -LEADER
fixed length control field 00514nam a22001817a 4500
003 - CONTROL NUMBER IDENTIFIER
control field OSt
005 - DATE AND TIME OF LATEST TRANSACTION
control field 20260210055715.0
008 - FIXED-LENGTH DATA ELEMENTS--GENERAL INFORMATION
fixed length control field 260210b |||||||| |||| 00| 0 eng d
020 ## - INTERNATIONAL STANDARD BOOK NUMBER
International Standard Book Number 81-7109-697-2.
040 ## - CATALOGING SOURCE
Original cataloging agency DWC-Main lib
Transcribing agency OC
082 ## - DEWEY DECIMAL CLASSIFICATION NUMBER
Classification number GR. 230 En57 2004
100 ## - MAIN ENTRY--PERSONAL NAME
Personal name Rahner, Karl
245 ## - TITLE STATEMENT
Title Encyclopedia of Theology :
Remainder of title the concise sacramentum mundi
Statement of responsibility, etc. Karl Rahner
260 ## - PUBLICATION, DISTRIBUTION, ETC.
Place of publication, distribution, etc. India :
Name of publisher, distributor, etc. St. Pauls,
Date of publication, distribution, etc. c2004.
300 ## - PHYSICAL DESCRIPTION
Extent xiv, 1841 pages ;
Dimensions 21 cm.
650 ## - SUBJECT ADDED ENTRY--TOPICAL TERM
Topical term or geographic name entry element 1. Theology.
942 ## - ADDED ENTRY ELEMENTS (KOHA)
Source of classification or shelving scheme Dewey Decimal Classification
Koha item type General Reference
Call number prefix GR.
Suppress in OPAC No
952 ## - LOCATION AND ITEM INFORMATION (KOHA)
--
Holdings
Withdrawn status Lost status Source of classification or shelving scheme Damaged status Not for loan Home library Current library Shelving location Date acquired Source of acquisition Cost, normal purchase price Total Checkouts Full call number Barcode Date last seen Copy number Price effective from Koha item type Uniform Resource Identifier
    Dewey Decimal Classification     College Library College Library General Reference 08/23/2007 School Fund 0.00   GR. 230 En57 2004 45093 02/10/2026 c1 02/10/2026 GR